| 000 | 00518nam a22001817a 4500 | ||
|---|---|---|---|
| 003 | NUST-PNEC | ||
| 005 | 20170116180744.0 | ||
| 008 | 150114b xxu||||| |||| 00| 0 eng d | ||
| 020 | _a8175541164 | ||
| 040 | _cPNEC | ||
| 082 | _a158.1 BUN | ||
| 100 |
_91217 _aBunch, Meribeth |
||
| 245 |
_aCreating confidence : How to develop your personal power and presence _cMeribeth Bunch |
||
| 260 |
_aNew Delhi : _bKogan Page India Pvt. Ltd., _cc1999. |
||
| 300 |
_a136 p. : _c22 cm. |
||
| 651 | _xGeneral | ||
| 942 |
_2ddc _cBK |
||
| 999 |
_c62300 _d62300 |
||